Equipos - Eurocopa 2012 - Estadísticas

Estadísticas generales
  • Esta prueba ha sido intentada 56 veces
  • La puntuación promedio es 15 de 16
Estadísticas de respuestas
Squadra % Correcto
Italia
100%
España
98%
Inglaterra
98%
Irlanda
98%
Portugal
98%
Rusia
98%
Suecia
98%
Alemania
96%
Croacia
96%
Francia
96%
Dinamarca
94%
Polonia
94%
Ucrania
94%
Países Bajos
88%
Grecia
86%
República Checa
86%
No se encontraron pruebas coincidentes
Distribución de puntuación
Porcentaje de gente con cada puntuación
Porcentaje por número respondido
Historial de tus puntuaciones
No has intentado esta prueba.